Návrh fuzzy regulátorov pre riadenie laboratórneho modelu jednosmerného motora
Na minha lista:
| Autor principal: | |
|---|---|
| Outros Autores: | |
| Formato: | Manuscrito Livro |
| Idioma: | eslovaco |
| Publicado em: |
2016
|
| Assuntos: | |
| Acesso em linha: | http://is.stuba.sk/zp/portal_zp.pl?podrobnosti=125279 |
| Tags: |
Sem tags, seja o primeiro a adicionar uma tag!
|
MARC
| LEADER | 00000ntm a22000003a 4500 | ||
|---|---|---|---|
| 001 | stuzp54991 | ||
| 003 | SK-STU | ||
| 005 | 20160720105946.3 | ||
| 007 | ta | ||
| 008 | 150427s2015----xo-----f-mn---000-0-slo-d | ||
| 040 | |a STU |b slo | ||
| 041 | 0 | |a slo | |
| 044 | |a xo | ||
| 100 | 1 | |a Bernát, Jozef |u 030400 |4 aut |U FEI Fakulta elektrotechniky a informatiky |T FEI Ústav automobilovej mechatroniky |X 72777 |U E400 |Y 642 |7 72777 | |
| 242 | 0 | 1 | |a Fuzzy controller design for control of DC-motor laboratory model |y eng |
| 245 | 1 | 0 | |a Návrh fuzzy regulátorov pre riadenie laboratórneho modelu jednosmerného motora |
| 260 | |c 2016 | ||
| 300 | |a 47 s., |b CD-ROM | ||
| 650 | 4 | |a settling time |2 eng | |
| 650 | 4 | |a identification |2 eng | |
| 650 | 4 | |a fuzzy logic |2 eng | |
| 650 | 4 | |a DC-motor |2 eng | |
| 650 | 4 | |a fuzzy PI controller |2 eng | |
| 650 | 4 | |a jednosmerný motor |2 slo | |
| 650 | 4 | |a fuzzy logika |2 slo | |
| 650 | 4 | |a fuzzy PI regulátor |2 slo | |
| 650 | 4 | |a identifikácia |2 slo | |
| 650 | 4 | |a doba regulácie |2 slo | |
| 700 | 1 | |a Hypiusová, Mária |u 030400 |k Z1 |4 ths |U FEI Fakulta elektrotechniky a informatiky |T FEI Ústav automobilovej mechatroniky |X 4949 |U E400 |Y 642 |7 A000004949 | |
| 856 | 4 | |u http://is.stuba.sk/zp/portal_zp.pl?podrobnosti=125279 | |
| 996 | |b 284ER02026 |c E*Bc- 2026 |l EE30 |s P |a 0 |w stuzp54991_0001 | ||
| SQL | |a stuzp54991 |b DBP |c SLO |d Návrh fuzzy regulátorov pre riadenie laboratórneho modelu jednosmerného motora |e 72777 |f Bernát, Jozef |g 030400 |h 4949 |i Hypiusová, Mária |j 20160706 |k 1146 |l 03 |m http://is.stuba.sk/zp/portal_zp.pl?podrobnosti=125279 |n B-AM |o 5.2.16. mechatronika | ||